The cooperative nature of the firm

Αποθηκεύτηκε σε:
Λεπτομέρειες βιβλιογραφικής εγγραφής
Κύριος συγγραφέας: Ichiishi, Tatsuro
Μορφή: Βιβλίο
Γλώσσα:English
Δημοσίευση: Cambridge : Cambridge University Press, 1993
Θέματα:
Ετικέτες: Προσθήκη ετικέτας
Δεν υπάρχουν, Καταχωρήστε ετικέτα πρώτοι!

MARC

LEADER 00000nam a2200000 i 4500
001 1/34717
008 960919s1993 eng d
020 |a 052141444X 
035 |a ΠΑΡ-1995  |b 06/30  |c ΞΥΔΕΑΣ  |l 10024168 
040 |a GR-MY-UA  |b gre  |e aacr 
041 0 |a eng 
082 0 |a 338.5 
100 1 |a Ichiishi, Tatsuro. 
245 1 4 |a The cooperative nature of the firm /  |c Ichiishi, Tatsuro 
260 |a Cambridge :   |b Cambridge University Press,   |c 1993 
500 |a Includes bibliographical references and index 
650 0 0 |a Industrial organization. 
650 0 0 |a Game theory. 
650 0 0 |a Equilibrium (Economics) 
650 0 0 |a Welfare economics. 
852 |a INST  |b CHIOS  |e 19960919  |h 338.5 ICH  |p 005200011717  |q 005200011717  |t BK  |y 0 
909 |a Χ  |b 044783